[Event "AUTO-INT-1984"]
[Site "http://www.queenalice.com/game.php?id=913987"]
[Date "2011.3.17"]
[Round "1"]
[White "Denisdd"]
[Black "chess60"]
[Result "1-0"]
[WhiteElo "1668"]
[BlackElo "1520"]

1. d4 d5 2. c4 c6 3. Nc3 e6 4. Nf3 Bb4 5. e3 f6 6. Bd3 Bxc3+ 7. bxc3 g6 8. O-O
Ne7 9. cxd5 Nxd5 10. c4 Nb4 11. Be2 O-O 12. Qb3 N8a6 13. a3 c5 14. axb4 cxb4 15.
c5 Qd5 16. Bc4 Qc6 17. Bxa6 bxa6 18. Qxb4 Qb7 19. Qc4 Qb5 20. Qc2 e5 21. Ba3 Bf5
22. e4 Bg4 23. c6 Rfc8 24. d5 Bxf3 25. gxf3 Rc7 26. Rfb1 Qa5 27. Bd6 Qxa1 28.
Rxa1 Rac8 29. Bxc7 Rxc7 30. Rxa6 f5 31. d6 Rc8 32. Qc4+ Kf8 33. Rxa7 fxe4 34.
Qf7# 1-0

[Event "AUTO-INT-1984"]
[Site "http://www.queenalice.com/game.php?id=914000"]
[Date "2011.3.17"]
[Round "1"]
[White "Denisdd"]
[Black "pride"]
[Result "1-0"]
[WhiteElo "1675"]
[BlackElo "1333"]

1. d4 e6 2. c4 Nf6 3. Nc3 Nc6 4. e4 Nb4 5. a3 Nc6 6. Nf3 d5 7. e5 Ne4 8. Qc2
Nxd4 9. Nxd4 Bc5 10. Be3 dxc4 11. O-O-O a5 12. Nxe4 Bb6 13. Qxc4 c5 14. Nxc5 a4
15. Nxa4 Ba5 16. Nb5 Ra6 17. Rxd8+ Kxd8 18. Be2 Rc6 19. Rd1+ Bd7 20. Nc5 Ke7 21.
Rxd7+ Kf8 22. b4 Bb6 23. Bf3 g6 24. Bxc6 bxc6 25. Nd6 Kg7 26. Rxf7+ Kg8 27. Qxe6
h5 28. Qxg6# 1-0

[Event "AUTO-INT-1984"]
[Site "http://www.queenalice.com/game.php?id=914001"]
[Date "2011.3.17"]
[Round "1"]
[White "pride"]
[Black "Denisdd"]
[Result "0-1"]
[WhiteElo "1314"]
[BlackElo "1666"]

1. e3 d5 2. c3 e5 3. g3 f5 4. d4 e4 5. f4 Nf6 6. Qa4+ Bd7 7. Qb3 b6 8. a4 c5 9.
Bb5 c4 10. Qd1 a6 11. Bxd7+ Nbxd7 12. b3 b5 13. axb5 axb5 14. Bb2 Bd6 15. b4 Ng4
16. Nd2 Nxe3 17. Qh5+ g6 18. Qxg6+ hxg6 19. Rb1 Ra2 20. Ne2 Qa8 21. Kf2 Ng4+ 22.
Kg2 Nb6 23. h3 Nf6 24. Nc1 Ra7 25. Ne2 Na4 26. Ba1 Rah7 27. g4 fxg4 28. h4 Rxh4
29. Rbg1 Nb6 30. Bb2 Qa2 31. Bc1 Na4 32. Kg3 Qc2 33. Rxh4 Qd3+ 34. Kf2 Rxh4 35.
Nf1 Nxc3 36. Rg3 e3+ 37. Rxe3+ Nfe4+ 38. Ke1 Qd1# 0-1

[Event "AUTO-INT-1984"]
[Site "http://www.queenalice.com/game.php?id=914002"]
[Date "2011.3.17"]
[Round "1"]
[White "Denisdd"]
[Black "Pabl"]
[Result "0-1"]
[WhiteElo "1687"]
[BlackElo "1679"]

1. d4 d5 2. c4 dxc4 3. Nc3 Nc6 4. d5 Ne5 5. f4 Ng6 6. e4 e6 7. Bxc4 exd5 8. Nxd5
Be6 9. a3 Nf6 10. Nxf6+ Qxf6 11. Bxe6 fxe6 12. Ne2 Bd6 13. e5 Bxe5 14. fxe5 Nxe5
15. Bf4 O-O 16. Bg3 Rad8 17. Qxd8 Rxd8 18. Nf4 Ng4 19. O-O Qxb2 20. Rab1 Qxa3
21. Rxb7 Qe3+ 22. Kh1 e5 23. Ne6 Nf2+ 24. Bxf2 Qxf2 25. Rg1 Rd2 26. Rxc7 e4 27.
Rc8+ Kf7 28. Rf8+ Kxe6 29. Rxf2 Rxf2 0-1

[Event "AUTO-INT-1984"]
[Site "http://www.queenalice.com/game.php?id=914003"]
[Date "2011.3.17"]
[Round "1"]
[White "Pabl"]
[Black "Denisdd"]
[Result "1-0"]
[WhiteElo "1624"]
[BlackElo "1631"]

1. e4 g6 2. Nf3 Bg7 3. Nc3 d6 4. Bc4 Nc6 5. O-O Nf6 6. d4 O-O 7. Bg5 h6 8. Bxf6
Bxf6 9. Nd5 Bg7 10. Qe2 e6 11. Nf4 Na5 12. Rad1 Nxc4 13. Qxc4 Qe7 14. c3 Kh7 15.
d5 e5 16. Ne2 f5 17. exf5 Bxf5 18. Ng3 Rf7 19. Nxf5 Rxf5 20. Qb4 b6 21. Qb3 Raf8
22. Qc2 Kh8 23. Qe4 g5 24. h4 g4 25. Qxg4 Rf4 26. Qe6 Qd8 27. h5 R8f5 28. Nh2
Rxh5 29. g3 Rf6 30. Qg4 Qe8 31. Nf3 Rhf5 32. Nh4 Rg5 33. Qe2 Qd7 34. Nf3 Rh5 35.
Nh2 Qh3 36. f3 Qxg3+ 37. Qg2 Qf4 38. Ng4 Rg6 39. Rde1 Rhg5 40. Re4 Qf7 41. c4 h5
42. Qh3 Kg8 43. Kh2 hxg4 44. fxg4 Rh6 45. Qxh6 Bxh6 46. Rxf7 Kxf7 47. Kh3 Rg6
48. b4 Bf4 49. Kg2 Rxg4+ 50. Kf3 1-0

[Event "AUTO-BEG-468"]
[Site "http://www.queenalice.com/game.php?id=933222"]
[Date "2011.5.2"]
[Round "2"]
[White "dlabedz"]
[Black "Denisdd"]
[Result "1-0"]
[WhiteElo "1265"]
[BlackElo "1604"]

1. d4 d5 2. h3 Nf6 3. f3 Nc6 4. g4 e6 5. c3 Bd6 6. b4 O-O 7. Na3 Bg3+ 8. Kd2 Nd7
9. Kc2 f5 10. e3 a5 11. Ne2 Bd6 12. Rg1 axb4 13. gxf5 bxa3 14. fxe6 Nf6 15. Nf4
Bxf4 16. exf4 Bxe6 17. Bd3 Qd7 18. Qe1 Bf5 19. Qf1 Bxh3 20. Qf2 Bf5 21. Qd2 Rfe8
22. Qh2 Bxd3+ 23. Kxd3 Qf5+ 24. Kd2 1-0

[Event "AUTO-BEG-468"]
[Site "http://www.queenalice.com/game.php?id=933223"]
[Date "2011.5.2"]
[Round "2"]
[White "Denisdd"]
[Black "dlabedz"]
[Result "1-0"]
[WhiteElo "1728"]
[BlackElo "1339"]

1. d4 d5 2. c4 dxc4 3. Nc3 b5 4. Nxb5 Qd5 5. Nc3 Qd7 6. e4 f6 7. Bxc4 c6 8. Nf3
Bb7 9. O-O g5 10. Qb3 Na6 11. Bf7+ Kd8 12. Bxg8 c5 13. Be6 Qc7 14. dxc5 Nxc5 15.
Rd1+ Nd7 16. Rxd7+ Qxd7 17. Bxd7 Kxd7 18. Be3 Rb8 19. Bxa7 1-0

[Event "AUTO-BEG-468"]
[Site "http://www.queenalice.com/game.php?id=933226"]
[Date "2011.5.2"]
[Round "2"]
[White "Ralfostarr"]
[Black "Denisdd"]
[Result "0-1"]
[WhiteElo "1456"]
[BlackElo "1723"]

1. e4 g6 2. Bc4 Bg7 3. Qf3 e6 4. Nh3 Ne7 5. d4 O-O 6. Ng5 d5 7. Qh3 h6 8. Nf3
dxc4 9. Bxh6 Nbc6 10. Bxg7 Kxg7 11. e5 Nxd4 12. Na3 Rh8 13. Qg4 Nxf3+ 14. Qxf3
Nd5 15. Nxc4 Qh4 16. Ne3 Qb4+ 17. c3 Qxb2 18. Rd1 Qxc3+ 19. Ke2 Qxe5 20. Rd3
Nf4+ 21. Kd2 Nxd3 22. Kxd3 b6 23. Qxa8 Ba6+ 24. Nc4 Rxa8 25. Kd2 Bxc4 26. Re1
Rd8+ 0-1

[Event "AUTO-BEG-468"]
[Site "http://www.queenalice.com/game.php?id=933227"]
[Date "2011.5.2"]
[Round "2"]
[White "Denisdd"]
[Black "Ralfostarr"]
[Result "1-0"]
[WhiteElo "1717"]
[BlackElo "1462"]

1. d4 d5 2. c4 dxc4 3. Nc3 Bf5 4. e4 Bg6 5. Bxc4 e6 6. Nge2 Bb4 7. O-O Bd6 8. f4
f5 9. e5 Be7 10. d5 exd5 11. Bxd5 Bc5+ 12. Kh1 Nh6 13. Bxb7 Qh4 14. Qa4+ c6 15.
Bxc6+ Nxc6 16. Qxc6+ Kf7 17. Qxc5 Ng4 18. h3 Rhd8 19. Be3 Nxe3 20. Qxe3 Bh5 21.
Rad1 Rdb8 22. b3 Rc8 23. Rd7+ Ke6 24. Rfd1 Rd8 25. R1d6# 1-0

[Event "AUTO-BEG-468"]
[Site "http://www.queenalice.com/game.php?id=933228"]
[Date "2011.5.2"]
[Round "2"]
[White "Newton"]
[Black "Denisdd"]
[Result "1-0"]
[WhiteElo "1428"]
[BlackElo "1681"]

1. e4 g6 2. d4 Bg7 3. Nf3 d6 4. Be3 Nc6 5. Nc3 Bd7 6. Bd3 e5 7. d5 Nce7 8. Qd2
f5 9. O-O-O f4 10. Bxf4 exf4 11. Qxf4 Bh6 12. Ng5 Bxg5 13. Qxg5 Nc6 14. Qxd8+
Nxd8 15. f4 Ne7 16. e5 dxe5 17. fxe5 a6 18. h3 Bf5 19. Bxf5 Nxf5 20. g4 Ne3 21.
Rde1 Nc4 22. Re4 Nb6 23. Rf1 Rf8 24. Rf6 Nd7 25. Rxf8+ Kxf8 26. e6 Nf6 27. e7+
Kf7 28. Re5 b6 29. Ne4 Nb7 30. Nxf6 1-0

[Event "AUTO-BEG-468"]
[Site "http://www.queenalice.com/game.php?id=933229"]
[Date "2011.5.2"]
[Round "2"]
[White "Denisdd"]
[Black "Newton"]
[Result "0-1"]
[WhiteElo "1655"]
[BlackElo "1454"]

1. d4 Nf6 2. c4 g6 3. Nc3 Bg7 4. e4 d6 5. Nf3 Bg4 6. h3 Bxf3 7. Qxf3 O-O 8. Bd3
c6 9. O-O Nbd7 10. Bg5 h6 11. Be3 Re8 12. Qe2 Qc7 13. Rac1 a6 14. Qd2 Kh7 15. f4
Rh8 16. e5 dxe5 17. fxe5 Nh5 18. g4 Ng3 19. Rf3 Bxe5 20. Bxh6 Bxd4+ 21. Kg2 Be5
22. Rxf7+ Kg8 23. Bxg6 Nb6 24. Qg5 Bf6 25. Rxf6 exf6 26. Bf7+ Kxf7 27. Qg7+ Ke8
28. Qxc7 Rxh6 29. Re1+ Kf8 0-1

[Event "AUTO-INT-1970"]
[Site "http://www.queenalice.com/game.php?id=944419"]
[Date "2011.5.30"]
[Round "2"]
[White "Denisdd"]
[Black "brasilianlion"]
[Result "0-1"]
[WhiteElo "1713"]
[BlackElo "1886"]

1. d4 Nf6 2. c4 g6 3. Nc3 Bg7 4. Nf3 O-O 5. e4 d6 6. Bd3 e5 7. d5 a5 8. O-O Na6
9. a3 Nc5 10. Bc2 c6 11. Be3 cxd5 12. cxd5 b6 13. Qe2 Ba6 14. Nb5 Nfxe4 15. Nd2
Qd7 0-1

[Event "AUTO-INT-1970"]
[Site "http://www.queenalice.com/game.php?id=944420"]
[Date "2011.5.30"]
[Round "2"]
[White "brasilianlion"]
[Black "Denisdd"]
[Result "1-0"]
[WhiteElo "1895"]
[BlackElo "1704"]

1. d4 g6 2. c4 Bg7 3. Nc3 d6 4. e4 Nc6 5. Be3 e5 6. Nf3 Bg4 7. d5 Nce7 8. Be2 a6
9. c5 f5 10. h3 Bxf3 11. gxf3 f4 12. Bd2 Nf6 13. Qa4+ Qd7 14. Qb3 O-O 15. c6
bxc6 16. dxc6+ 1-0

[Event "AUTO-INT-1970"]
[Site "http://www.queenalice.com/game.php?id=944422"]
[Date "2011.5.30"]
[Round "2"]
[White "breno33"]
[Black "Denisdd"]
[Result "1-0"]
[WhiteElo "1893"]
[BlackElo "1696"]

1. e4 g6 2. d4 Bg7 3. f4 d6 4. Nf3 Nc6 5. Bb5 Bd7 6. O-O Nf6 7. e5 dxe5 8. fxe5
Nd5 9. Ng5 O-O 10. c3 a6 11. Bxc6 1-0